Loading...
| Literature - American | 0 | 10 | 3 | 1 | 85 | 82 | 115.30 | 0 | 3 | 14.61 | 35.83 |
| Philosophy | 0 | 7 | 1 | 0 | 65 | 114 | 133.43 | 0 | 0 | 1.71 | 14.86 |
| Literature - World | 0 | 7 | 1 | 1 | 65 | 93 | 117.43 | 0 | 3 | 8.44 | 27.18 |
| Science - Chemistry | 0 | 7 | 2 | 1 | 60 | 51 | 93.43 | 2 | 2 | 11.43 | 28.65 |
| Literature - European | 0 | 7 | 3 | 0 | 55 | 72 | 124.57 | 0 | 1 | 6.57 | 27.91 |
| History - European | 0 | 6 | 3 | 0 | 45 | 124 | 133.17 | 0 | 1 | 0.35 | 12.31 |
| Literature - British | 0 | 6 | 4 | 2 | 40 | 61 | 123.17 | 1 | 2 | 6.74 | 19.75 |
| Science - Biology | 0 | 5 | 2 | 0 | 40 | 69 | 104.80 | 0 | 1 | 4.99 | 16.99 |
| Fine Arts - Classical Music | 0 | 4 | 3 | 0 | 25 | 98 | 124.50 | 0 | 1 | 2.66 | 9.79 |
| Fine Arts - Other | 0 | 4 | 3 | 0 | 25 | 107 | 115.00 | 0 | 0 | 5.28 | 12.19 |
| Social Science | 0 | 3 | 2 | 1 | 20 | 109 | 124.00 | 0 | 0 | 0.72 | 4.40 |
| Fine Arts - Painting & Sculpture | 0 | 3 | 2 | 2 | 20 | 132 | 136.33 | 0 | 0 | 0.12 | 6.05 |
| History - Other | 0 | 2 | 0 | 1 | 20 | 136 | 141.50 | 0 | 0 | -0.04 | 3.74 |
| Religion | 0 | 2 | 0 | 1 | 20 | 135 | 140.00 | 0 | 0 | 0.13 | 1.23 |
| Geography | 0 | 1 | 0 | 1 | 10 | 130 | 130.00 | 0 | 0 | 0.64 | 5.21 |
| Mythology | 0 | 1 | 0 | 0 | 10 | 64 | 64.00 | 0 | 1 | 6.00 | 10.19 |
| History - World | 0 | 1 | 2 | 0 | 0 | 91 | 91.00 | 0 | 1 | 2.19 | 5.63 |
| Science - Physics | 0 | 0 | 1 | 0 | -5 | 0.00 | 0 | 0 | 0.00 | 0.00 |